|
|
|
|
| LEADER |
01422cas a2200241 a 4500 |
| 001 |
AALejournalIMF006740 |
| 008 |
230101c9999 xx r poo 0 0eng d |
| 020 |
|
|
|c 5.00 USD
|
| 020 |
|
|
|z 9781451962154
|
| 022 |
|
|
|a 1934-7456
|
| 040 |
|
|
|a BD-DhAAL
|c BD-DhAAL
|
| 100 |
1 |
|
|a Boughton, James.
|
| 245 |
1 |
4 |
|a The IMF and the Latin American Debt Crisis :
|b Seven Common Criticisms /
|c James Boughton.
|
| 264 |
|
1 |
|a Washington, D.C. :
|b International Monetary Fund,
|c 1994.
|
| 300 |
|
|
|a 1 online resource (26 pages)
|
| 490 |
1 |
|
|a IMF Policy Discussion Papers
|
| 500 |
|
|
|a <strong>Off-Campus Access:</strong> No User ID or Password Required
|
| 500 |
|
|
|a <strong>On-Campus Access:</strong> No User ID or Password Required
|
| 506 |
|
|
|a Electronic access restricted to authorized BRAC University faculty, staff and students
|
| 520 |
3 |
|
|a The IMF played a key role in developing and implementing the debt strategy throughout the 1980s. That strategy not only overcame the crisis but also produced successful transformationsof several major economiesin Latin America. Nonetheless, the IMF's role has also been criticized on several grounds. This study examines seven such criticisms.
|
| 538 |
|
|
|a Mode of access: Internet
|
| 830 |
|
0 |
|a IMF Policy Discussion Papers; Policy Discussion Paper ;
|v No. 1994/023
|
| 856 |
4 |
0 |
|z Full text available on IMF
|u http://elibrary.imf.org/view/journals/003/1994/023/003.1994.issue-023-en.xml
|z IMF e-Library
|